Holiday Quiz

Random Holiday or Christmas Quiz
Score 0/20 Timer 07:00
4 Plays Today
% Correct
Elvis Presley (The Classic Christmas Album)
96.8%
Mariah Carey (Merry Christmas II You)
94.1%
Dolly Parton (Home for Christmas)
82.9%
Frank Sinatra (A Jolly Christmas from Frank Sinatra)
82.4%
Rod Stewart (Merry Christmas, Baby)
77.4%
Bing Crosby (White Christmas)
75.4%
Michael Bublé (Christmas)
74.1%
Johnny Cash (Christmas with Johnny Cash)
69.5%
Kenny Rogers (Christmas in America)
65.5%
Barry Manilow (Because It's Christmas)
65.5%
% Correct
John Denver (The Classic Christmas Album)
63.8%
The Supremes (Merry Christmas)
62.8%
Colonel Sanders (Christmas With Colonel Sanders)
62.8%
The Beach Boys (The Beach Boys' Christmas Album)
61.1%
Louis Armstrong and Friends (The Best of Christmas Songs)
59.9%
Neil Diamond (The Christmas Album)
58.1%
Nat King Cole (The Christmas Song)
56.3%
Tony Bennett (The Christmas Album)
55.8%
Kelly Clarkson (Wrapped in Red)
53.2%
Mary J. Blige (A Mary Christmas)
50.3%

You're not logged in!

Compare scores with friends on all Sporcle quizzes.
OR
Log In

Sporcle TV

Today on Sporcle TV


Watch our educational content, quiz creation guides, and fun videos on Sporcle TV.

Show Comments

Extras

Top Quizzes Today


Score Distribution

Your Account Isn't Verified!

In order to create a playlist on Sporcle, you need to verify the email address you used during registration. Go to your Sporcle Settings to finish the process.

Report this User

Report this user for behavior that violates our Community Guidelines.

Details: